[Event "2nd Cairns Cup 2020"]
[Site "Saint Louis"]
[Date "2020.02.11"]
[Round "5.2"]
[White "Lagno, Kateryna"]
[Black "Ju, Wenjun"]
[Result "0-1"]
[WhiteElo "2552"]
[BlackElo "2583"]
[Annotator "TA"]
[PlyCount "86"]
[EventDate "2020.02.07"]
[EventCountry "USA"]
[SourceTitle "playchess.com"]
[Source "ChessBase"]
[SourceQuality "1"]

{[%evp 17,86,10,19,0,30,24,136,127,149,8,12,12,14,7,25,9,52,35,43,57,77,22,48,43,85,24,33,23,43,0,0,0,0,-29,-40,-87,-72,-106,-87,-76,-59,-61,-86,-196,-122,-111,-131,-226,-223,-240,-230,-312,-327,-318,-303,-320,-303,-320,-320,-318,-284,-329,-277,-282,-238,-227,-235,-902,-106,-900,-899]} 1. e4 c5 2. Nf3 Nc6 3. c3 d5 4. exd5 Qxd5 5. d4 Bg4 6. Be2 cxd4 7. cxd4 e6 8. Nc3 Bb4 9. O-O Qa5 10. Be3 {B22: Sicilian: 2 c3.} Bxc3 $5 {[%mdl 4] Exploring less charted territory.} 11. bxc3 Qxc3 {[#]} (11... Nf6 $11 {remains equal.}) 12. d5 $146 {White is clearly better.} ({Predecessor:} 12. Rc1 Qa5 13. h3 Bf5 14. Rc5 Qxa2 15. Bb5 Nge7 16. Ne5 Rc8 17. Qf3 O-O 18. Nxc6 bxc6 19. Bxc6 {0-1 (32) Stein,W-Diehm,A (2045) Frankfurt 2003}) 12... exd5 13. Qxd5 (13. Rc1 $16 Qf6 14. Nd4 (14. Qxd5 Nge7 $14) 14... Bxe2 15. Qxe2) 13... Nge7 14. Qb5 O-O 15. Qxb7 Rfb8 16. Qa6 Rb2 17. Rac1 Qf6 18. Rfe1 h6 19. a3 (19. h3 $16 Bc8 20. Qa4) 19... Rab8 20. h3 Bc8 21. Qc4 (21. Qa4 $16) 21... Be6 $11 22. Qc5 (22. Qf4 {with more complications.} Qxf4 23. Bxf4 Rd8 24. a4 Bb3 25. Bb5) 22... Bxh3 23. gxh3 {Hoping for Qh5.} Rxe2 $1 {[%mdl 64] Remove Defender, Decoy} 24. Rxe2 Qxf3 {[%mdl 64] Double Attack} 25. Rec2 Qxh3 26. Qd6 Rd8 $1 {[%cal Rd8d6,Bb8d8,Bd8d4,Bd4g4][%mdl 32]} 27. Qg3 Qe6 28. Rc5 Nd4 29. Bxd4 $1 Rxd4 30. Re5 (30. Qf3 $17) 30... Qd7 ({Black should try} 30... Qf6 $1 $19 {And now ...Nf5 would win.} 31. Rcc5 Kh7) 31. Qf3 $17 Ng6 $1 $36 {[%cal Rg6e5][%mdl 2048] Black is in control.} 32. Re3 (32. Re4 $17) 32... Rg4+ $19 33. Kf1 Qb5+ $1 34. Ke1 Rg1+ 35. Kd2 Qb2+ $1 36. Rc2 Qd4+ 37. Rd3 Qa1 {[%csl Gg1][%cal Ra1e1]} 38. Re3 Rf1 39. Re8+ Kh7 40. Re4 f6 41. Qf5 {If White can now play Rg4 this consolidates a bit.} Rg1 ({But not} 41... Qxa3 42. Rg4 $17) 42. Re3 $2 {[#]} (42. Qf3) 42... Rd1+ $1 43. Ke2 {[#] intending Rg3.} Rd5 $1 {[%mdl 512] Accuracy: White = 49%, Black = 77%.} 0-1

[Event "2nd Cairns Cup 2020"]
[Site "Saint Louis"]
[Date "2020.02.11"]
[Round "5.3"]
[White "Kosteniuk, Alexandra"]
[Black "Muzychuk, Mariya"]
[Result "1-0"]
[WhiteElo "2504"]
[BlackElo "2552"]
[Annotator "TA"]
[PlyCount "79"]
[EventDate "2020.02.07"]
[EventCountry "USA"]
[SourceTitle "playchess.com"]
[Source "ChessBase"]
[SourceQuality "1"]

{[%evp 17,79,0,0,7,23,21,33,13,60,58,59,56,51,43,55,55,73,77,73,83,106,61,107,18,51,59,64,69,71,60,64,-42,27,33,69,42,80,87,156,94,97,85,176,167,178,184,179,169,206,220,261,261,261,256,367,359,400,396,357,341,634,627,576,556]} 1. e4 e5 2. Nf3 Nc6 3. Bb5 a6 4. Ba4 Nf6 5. O-O Nxe4 6. d4 b5 7. Bb3 d5 8. dxe5 Be6 9. a4 b4 10. Nbd2 {C80: Open Ruy Lopez: Sidelines and 9 Nbd2.} Nc5 {[#]} 11. c3 $146 ({Predecessor:} 11. Re1 Be7 12. Nf1 O-O 13. Ng3 Nxb3 14. cxb3 Na5 15. Nd4 Qd7 16. Qd3 c5 17. Ndf5 g6 18. Nxe7+ Qxe7 {½-½ (45) Winkler,S (1855)-Ofstad,P (2197) Rijeka 2010}) 11... Qd7 12. Nd4 {White is slightly better.} Nxd4 ({Of course not} 12... Nxe5 $6 13. f4 $16) 13. cxd4 Nxb3 14. Nxb3 Be7 15. Qd3 O-O 16. Qg3 f6 17. Bf4 fxe5 18. Bxe5 {[%csl Ge5][%cal Rg3g7][%mdl 64] [#] Double Attack} Bd6 19. Rfc1 Bf5 20. Na5 (20. Nc5 $16 Bxe5 21. dxe5 (21. Qxe5 Qf7 $14)) 20... Rf6 {White must now prevent ...Rg6.} 21. Qb3 $1 {[%cal Rb3d5]} Bxe5 22. dxe5 Re6 23. Qxb4 Rxe5 24. f3 (24. Nc6 $14 Re6 25. Nd4) 24... Rae8 (24... Re2 $15 25. Re1 Rae8 26. Rxe2 Rxe2) 25. Nc6 $36 {[%mdl 2048] White is pushing.} R5e6 26. Nd4 Rb6 27. Qd2 Bg6 (27... Rg6 $142) 28. a5 (28. Rc5 $142) 28... Rf6 $16 29. Rc5 Qd6 (29... c6 $16) 30. Rac1 $18 Qe5 31. Nc6 Qe2 32. Rxd5 ({Don't take} 32. Qxd5+ $6 Bf7 $16) 32... Rfe6 33. b4 h6 34. Qxe2 Rxe2 35. Rd7 Kf8 (35... R8e3 $142 36. Rxc7 Kh7) 36. Nd4 Rb2 37. h3 Rxb4 38. Rcxc7 Bh5 $2 {[#]} (38... Re5 39. Rxg7 Rxd4) 39. Nf5 Rb5 40. Nxg7 {Accuracy: White = 76%, Black = 44%.} 1-0

[Event "2nd Cairns Cup 2020"]
[Site "Saint Louis"]
[Date "2020.02.11"]
[Round "5.4"]
[White "Gunina, Valentina"]
[Black "Harika, Dronavalli"]
[Result "1-0"]
[WhiteElo "2461"]
[BlackElo "2518"]
[Annotator "TA"]
[PlyCount "65"]
[EventDate "2020.02.07"]
[EventCountry "USA"]
[SourceTitle "playchess.com"]
[Source "ChessBase"]
[SourceQuality "1"]

{[%evp 14,75,-2,-9,-6,-8,0,-21,-22,-27,-23,-37,0,4,97,13,49,-23,-20,-23,64,24,29,8,2,-7,0,0,33,36,33,0,4,0,142,142,229,248,344,358,585,122,559,275,275,176,225,184,618,604,29988,29987,29989,29988,29988,29989,29989,29990,29992,29993,29996,29997,29997,29998]} 1. e4 c5 2. Nc3 Nc6 3. g3 g6 4. Bg2 Bg7 5. d3 d6 6. Be3 Rb8 7. Qd2 b5 {[%cal Bb7b5,Bb5b4][%mdl 32]} 8. h3 b4 {B26: Closed Sicilian: 3 g3, lines with early Be3.} 9. Nd1 $1 Bd7 10. f4 e6 {The position is equal.} 11. Nf3 Nge7 {[#]} 12. h4 $146 ({Predecessor:} 12. f5 exf5 13. Bh6 O-O 14. g4 fxe4 15. dxe4 Nc8 16. O-O Nd4 17. Nxd4 Bxd4+ 18. Kh1 {0-1 (51) Wahedi,A (2283)-Kunin,V (2510) Marburg 2006}) 12... Nd4 13. h5 Ba4 (13... e5 $11) 14. Rc1 (14. Bxd4 $1 $16 Bxd4 15. a3 (15. Nxd4 cxd4 16. b3 Bc6 $14)) 14... Nec6 15. Nxd4 (15. c3 $14 Nxf3+ 16. Bxf3) 15... cxd4 $11 16. Bf2 Qa5 (16... g5 $11) 17. g4 (17. h6 $5 {[%cal Rh6g7]} Bf8 18. b3 $14) 17... Bb5 18. h6 Bf6 19. g5 Bd8 20. b3 Rc8 21. O-O O-O 22. Bg3 Qxa2 23. f5 $36 {[%mdl 2048] White has good play.} Be7 (23... e5 $1 $11 {keeps the balance.}) 24. Bh3 $16 exf5 (24... Kh8 $16 {is a better defense.} 25. Nf2 (25. fxe6 fxe6 26. Bf4 Rce8 $16) 25... Qa5) 25. exf5 $18 {Threatens to win with f6.} Ra8 26. Nf2 (26. f6 Bd8) 26... Ne5 $2 (26... Qa5 27. f6 Bd8 28. Bxd6 Bc7) 27. Ne4 $2 (27. Bxe5 $18 {and the rest is easy.} dxe5 28. Ra1) 27... Bxd3 $2 {[%mdl 8192]} (27... Qa5 $16 {is a better chance.}) 28. Bxe5 ({Less strong is} 28. cxd3 Qxd2 29. Nxd2 Bxg5 $16) (28. fxg6 $142 Bxf1 29. gxh7+ Kh8 30. Qxd4 (30. Rxf1 Qa5 $14)) 28... Bxe4 ({Don't blunder} 28... Bxf1 $2 29. Qxd4 (29. Bf6 Bxh3 30. Bxe7 Qa5 $18) 29... Qa5 30. Bxd6 $18) 29. Bxd4 {aiming for Qe3.} Qa5 30. Qe3 d5 $2 (30... Rae8) 31. fxg6 hxg6 {[#] Threatening ...Kh7.} 32. h7+ $1 {[%mdl 512] White mates.} Kxh7 {[#]} 33. Bc8 {Played: Bh3-e6} 1-0

[Event "2nd Cairns Cup 2020"]
[Site "Saint Louis"]
[Date "2020.02.11"]
[Round "5.5"]
[White "Krush, Irina"]
[Black "Yip, Carissa"]
[Result "0-1"]
[WhiteElo "2422"]
[BlackElo "2412"]
[Annotator "TA"]
[PlyCount "82"]
[EventDate "2020.02.07"]
[EventCountry "USA"]
[SourceTitle "playchess.com"]
[Source "ChessBase"]
[SourceQuality "1"]

{[%evp 9,94,30,37,37,49,42,64,64,96,56,77,0,0,0,0,0,-10,1,77,70,80,30,65,62,35,30,104,124,104,97,126,49,44,42,40,36,41,21,97,54,45,0,89,104,106,111,92,92,104,99,111,113,108,104,91,63,70,72,54,6,8,0,0,-134,-105,-106,-75,-84,-96,-689,-686,-2012,-680,-1395,-1472,-1287,-1139,-1009,-886,-6279,-5595,-29970,-29970,-29978,-29979,-29978,-29979]} 1. g3 g6 2. Bg2 Bg7 3. d4 d5 4. Nf3 e6 5. O-O Ne7 6. Nc3 {[%cal Bb1c3,Bc3e4,Be4c5][%mdl 32] D02: 1 d4 d5 2 Nf3 sidelines, including 2...Nf6 3 g3 and 2...Nf6 3 Bf4.} Nbc6 7. e4 dxe4 8. Nxe4 {White is slightly better.} f5 9. Nc5 Nxd4 {[#]} 10. c3 $146 (10. Re1 $16) ({Predecessor:} 10. Nxd4 Qxd4 11. Nxb7 Rb8 12. Na5 Kf7 13. Nb3 Qxd1 14. Rxd1 Ba6 15. c3 Be2 16. Rd7 {0-1 (57) Kaidanov,G (2645)-Shabalov,A (2600) Key West 1994}) 10... Nxf3+ $11 11. Qxf3 c6 12. Qe2 Qd6 13. Be3 e5 (13... Nd5 $11) 14. Rad1 $36 {[%mdl 2048] White has good play.} Qf6 $1 15. Qd2 {aiming for Qd8+.} (15. h4 {is more complex.} Qf7 16. Bg5 h6 17. Qd2 Nd5 18. c4) 15... O-O 16. Nd7 $1 {[%cal Rd7f6]} Bxd7 $1 17. Qxd7 b6 (17... e4 $1 $11 {keeps the balance.}) 18. Rd6 Qf7 19. Bg5 Rfe8 20. Bxe7 (20. Rfd1 $16) 20... Qxe7 $14 21. Bxc6 {Hoping for Qxe7.} Rab8 22. Rfd1 {Qxe8+! is the strong threat.} Bf8 23. Ba4 Kh8 (23... b5 $11 {remains equal.} 24. Bb3+ (24. Bxb5 Qxd7 25. Bxd7 Bxd6 $11) 24... Kh8) 24. Qc6 Rec8 25. Qd7 Re8 26. Qb5 $1 Qxd6 27. Rxd6 Bxd6 28. Qd5 Red8 29. Bb3 {[%mdl 1024] White has strong compensation.} Kg7 {[#]} 30. h4 $1 Kh6 {[#]} 31. h5 $1 {[%mdl 512]} Rbc8 (31... gxh5 32. Qe6+) 32. Qd2+ f4 33. hxg6 hxg6 34. Kg2 Bc5 35. Qe2 Rf8 {Threatens to win with ...f3+.} 36. Qxe5 (36. Qg4 $11 fxg3 37. Bc2 Rxf2+ {[%mdl 64] Double Attack} 38. Kxg3) 36... Rce8 $17 37. Qd5 f3+ 38. Kh3 ({Don't blunder} 38. Kf1 $2 Re2 $19) 38... Bxf2 {Strongly threatening ...Rf5.} 39. Bd1 $2 {[%mdl 8192] [#]} (39. Ba4 $17 Rd8 40. Qe6) 39... Rd8 $1 $19 40. Qb3 Bc5 (40... Kg5 $142 41. Bxf3 Rxf3) 41. Qa4 {[#] intending Bxf3!} Rd5 {Played: Rd8xd1} 0-1

[Event "2nd Cairns Cup 2020"]
[Site "Saint Louis"]
[Date "2020.02.13"]
[Round "6.1"]
[White "Koneru, Humpy"]
[Black "Kosteniuk, Alexandra"]
[Result "1-0"]
[WhiteElo "2580"]
[BlackElo "2504"]
[Annotator "TA"]
[PlyCount "121"]
[EventDate "2020.02.07"]
[EventCountry "USA"]
[SourceTitle "playchess.com"]
[Source "ChessBase"]
[SourceQuality "1"]

{[%evp 11,121,0,-8,-6,0,-5,14,8,15,10,62,0,36,37,54,60,56,51,59,33,33,29,32,35,39,31,39,33,38,30,36,29,52,46,58,43,43,46,52,14,12,0,0,0,0,0,0,0,0,0,0,0,0,0,0,0,0,0,12,14,24,18,19,18,8,11,28,85,104,122,127,116,180,141,124,87,87,87,87,87,87,87,87,87,88,37,39,0,88,87,95,85,164,150,238,235,310,277,1484,1293,1181,1154,2172,1977,1521,1133,1245,1369,6376,6239,29988,29989]} 1. Nf3 d5 2. d4 Nf6 3. c4 e6 4. Nc3 Bb4 5. e3 O-O 6. Bd2 b6 {6...b6 is better than 6...c5.} 7. Rc1 {E51: Nimzo-Indian: Rubinstein: 4...0-0 5 Nf3 d5.} Ba6 8. Qa4 {[#]} Qe7 $146 ({Predecessor:} 8... c5 9. cxd5 Bxf1 10. Rxf1 exd5 11. Ke2 Nbd7 12. Rfd1 Qe7 13. Kf1 Rfc8 14. Qa6 Qe6 {1-0 (44) Artemiev,V (2731)-Kovalev,V (2660) Wijk aan Zee 2020}) 9. a3 {The position is equal.} Bxc3 $1 10. Bxc3 Ne4 (10... Rc8 $11) 11. Be2 (11. cxd5 $14 Nxc3 12. Rxc3 Bxf1 13. Kxf1 (13. Rxf1 exd5 14. b4 c6 $14)) 11... Nxc3 12. Rxc3 dxc4 13. Bxc4 Bb7 14. Be2 Rc8 15. Qc2 (15. O-O {is more complex.} Nd7 16. Ba6 Bxa6 17. Qxa6 e5 18. Qb7) 15... c5 16. dxc5 Rxc5 17. Rxc5 Qxc5 18. Qxc5 bxc5 19. Bb5 Na6 20. Ke2 Nc7 21. Bd3 Nd5 22. Rc1 Rc8 23. Nd2 Nb6 24. f3 Kf8 25. Nc4 ({Worse is} 25. Bxh7 g6 $17) 25... Bd5 26. Na5 c4 $1 {[%cal Rc4d3]} 27. Bb1 ({Don't play} 27. Bxh7 g6 $17) 27... e5 28. e4 ({Not} 28. Bxh7 $2 g6 $19) 28... Be6 29. Ba2 Ke7 (29... Rc5 $5 30. b4 $8 Rc7 $11) 30. b3 cxb3 31. Rxc8 Nxc8 32. Bxb3 Bxb3 33. Nxb3 $11 {[%mdl 4096] Endgame KN-KN} Kd6 34. Kd3 Nb6 35. Kc3 Na4+ 36. Kb4 Nb2 37. Kb5 Nd1 38. Nd2 Nc3+ 39. Kb4 Ne2 40. Nc4+ Ke6 41. Kb5 g6 (41... f5 $16) 42. Ka6 $1 $18 f5 43. Kxa7 fxe4 44. fxe4 {Hoping for a4.} Nc3 45. Kb6 Nxe4 46. Ne3 Nc3 {Threatening ...Kd6.} 47. Kc5 $1 Ne4+ 48. Kb5 ({White should play} 48. Kb4 $16) 48... Nd6+ $14 49. Kc5 Ne4+ $1 50. Kb4 Nd6 51. Nc4 {Strongly threatening Nxd6.} Nf5 {[#]} (51... Nb7 $16 {was worth a try.}) 52. Kc5 $1 $18 h5 {[#]} (52... Nd4 $16) 53. Nd2 $1 Nd6 54. a4 {[%cal Ba3a4,Ba4a5,Ba5a6,Ba6a7][%mdl 32]} Nb7+ $2 (54... Nf5 55. a5 Kd7) 55. Kc6 Nd8+ 56. Kc7 Ke7 57. a5 Ne6+ 58. Kc6 Kd8 59. a6 Kc8 60. a7 {[%cal Ra7a8]} Nd4+ 61. Kb6 {Accuracy: White = 87%, Black = 66%.} 1-0

[Event "2nd Cairns Cup 2020"]
[Site "Saint Louis"]
[Date "2020.02.13"]
[Round "6.2"]
[White "Ju, Wenjun"]
[Black "Harika, Dronavalli"]
[Result "1/2-1/2"]
[WhiteElo "2583"]
[BlackElo "2518"]
[Annotator "TA"]
[PlyCount "79"]
[EventDate "2020.02.07"]
[EventCountry "USA"]
[SourceTitle "playchess.com"]
[Source "ChessBase"]
[SourceQuality "1"]

{[%evp 19,79,33,23,14,18,2,6,0,8,8,0,0,13,8,14,7,13,10,17,11,11,25,31,24,46,54,40,39,74,68,68,72,63,14,17,17,11,10,8,0,12,0,8,8,8,5,8,8,9,1,5,0,0,0,0,0,0,0,0,2,2,0]} 1. d4 Nf6 2. c4 g6 3. g3 Bg7 4. Bg2 O-O 5. Nf3 d6 6. O-O c6 7. Nc3 Bf5 8. b3 Ne4 9. Bb2 Nxc3 10. Bxc3 Be4 11. Nh4 {E62: King's Indian: Fianchetto: 6...c6 and Panno Variation (6...Nc6) without ...a6.} Bxg2 12. Nxg2 d5 13. Qd3 Nd7 {[#]} 14. cxd5 $146 ({Predecessor:} 14. e4 dxc4 15. Qxc4 Qb6 16. Rad1 a5 17. Ne3 Qa6 18. Ba1 Nb6 19. Qxa6 Rxa6 20. d5 Bxa1 21. Rxa1 cxd5 22. exd5 {½-½ (30) Mitscherling,A-Wolf,A Mecklenburg VP 1996}) 14... cxd5 15. Qb5 Nb6 16. Nf4 e6 17. Rac1 Qd7 (17... a6 $5 {[%cal Ra6b5]} 18. Qb4 Re8 $11) 18. Qa5 Nc8 19. Bb4 {[#] And now Rc7 would win.} b6 20. Qa6 Rd8 21. e3 Ne7 22. Bxe7 Qxe7 23. Nd3 e5 24. dxe5 Bxe5 25. Nxe5 Qxe5 26. Qb7 d4 $1 {The position is equal.} 27. exd4 Qxd4 28. Rc7 Qf6 $1 29. a4 Re8 30. Kg2 a5 31. Rd1 Rab8 32. Qc6 Qxc6+ 33. Rxc6 $11 {[%mdl 4096] Endgame KRR-KRR} Re5 34. Rcd6 b5 35. R1d5 Re4 $1 36. axb5 Rb4 {[%mdl 64] [#] Double Attack} 37. b6 R4xb6 38. Rxb6 Rxb6 39. Rxa5 Rxb3 40. h4 {Accuracy: White = 97%, Black = 96%.} 1/2-1/2

[Event "2nd Cairns Cup 2020"]
[Site "Saint Louis"]
[Date "2020.02.13"]
[Round "6.3"]
[White "Lagno, Kateryna"]
[Black "Dzagnidze, Nana"]
[Result "1/2-1/2"]
[WhiteElo "2552"]
[BlackElo "2515"]
[Annotator "TA"]
[PlyCount "61"]
[EventDate "2020.02.07"]
[EventCountry "USA"]
[SourceTitle "playchess.com"]
[Source "ChessBase"]
[SourceQuality "1"]

{[%evp 14,61,12,16,16,20,23,22,23,23,21,31,38,23,30,13,32,19,26,27,30,21,25,4,27,0,0,0,0,0,3,1,0,0,1,0,2,0,0,0,0,-8,0,0,0,0,0,0,0,0]} 1. e4 c5 2. Nf3 Nc6 3. d4 cxd4 4. Nxd4 e6 5. Nc3 Qc7 6. Be3 a6 7. a3 b5 $1 {[%mdl 4] outshines the older 7...Nf6.} 8. Nxc6 dxc6 {B48: Sicilian: Taimanov: 5 Nc3 Qc7 6 Be3 a6 without Be2.} 9. Qg4 Nf6 10. Qg3 Qxg3 11. hxg3 Be7 12. f3 {[#]} Bb7 $146 ({Predecessor:} 12... O-O 13. g4 Nd7 14. g5 Bb7 15. Kf2 Rad8 16. g3 c5 17. Be2 f6 18. gxf6 Bxf6 {½-½ (50) Tonisson,P (2401)-Sasvari,T (2547) ICCF email 2016}) 13. g4 Nd7 14. a4 f6 15. Be2 h6 16. Kf2 Kf7 17. Rhd1 Rhd8 18. Rd2 Ne5 19. Rad1 Rxd2 {The position is equal.} 20. Rxd2 Rd8 21. Rxd8 Bxd8 22. b3 Nd7 23. Na2 Be7 24. Nc1 Nc5 25. Nd3 (25. axb5 {feels hotter.} cxb5 26. b4 Na4 27. Bd2 Bc6 28. Nb3) 25... Nxd3+ 26. Bxd3 $11 {KBB-KBB} e5 27. Bb6 Bc8 28. c4 {[%cal Rc4b5]} bxa4 29. bxa4 c5 30. a5 Be6 31. Ke3 {Accuracy: White = 95%, Black = 100%.} 1/2-1/2

[Event "2nd Cairns Cup 2020"]
[Site "Saint Louis"]
[Date "2020.02.13"]
[Round "6.4"]
[White "Muzychuk, Mariya"]
[Black "Krush, Irina"]
[Result "1/2-1/2"]
[WhiteElo "2552"]
[BlackElo "2422"]
[Annotator "TA"]
[PlyCount "117"]
[EventDate "2020.02.07"]
[EventCountry "USA"]
[SourceTitle "playchess.com"]
[Source "ChessBase"]
[SourceQuality "1"]

{[%evp 19,117,53,72,66,64,64,64,64,79,87,83,85,108,101,95,92,101,102,101,86,148,142,130,111,114,85,97,61,100,27,31,29,66,11,0,0,0,0,53,56,53,53,71,53,53,53,53,53,53,53,53,53,54,54,54,54,64,43,43,43,43,43,43,43,43,43,43,43,43,10,34,34,34,34,34,34,34,34,34,34,34,34,34,34,34,34,34,34,34,34,34,34,34,34,90,90,90,90,90,90]} 1. e4 c5 2. Nf3 e6 3. d4 cxd4 4. Nxd4 a6 5. Bd3 Nf6 6. O-O Qc7 7. Qe2 d6 8. c4 g6 9. Nc3 Bg7 10. Rd1 {has lost popularity (10.Nf3).} O-O 11. Be3 {B42: Sicilian: Kan Variation: 5 Bd3.} b6 12. f3 Bb7 13. Rac1 {White is slightly better.} Nc6 14. Nxc6 Qxc6 {[#]} 15. Qd2 $146 ({Predecessor:} 15. Qf2 Nd7 16. Bf1 Rfd8 17. b4 Rab8 18. a3 Bc8 19. Ne2 Qc7 20. Nd4 Nf6 21. Nb3 {0-1 (64) Petriashvili,N (1508)-Aslanov,F (1749) Maribor 2012}) 15... Rfd8 16. Bf1 Rab8 17. b4 Qc7 18. Na4 Ba8 19. Bf4 {[%cal Rf4d6]} Ne8 (19... Bf8 $142) 20. Qf2 $16 Qb7 21. c5 {[%cal Rc5d6]} b5 22. Nb6 Bf6 23. Nxa8 (23. Kh1 {feels hotter.} h5 24. a3 Qa7 25. Kg1 Be7 26. h3) 23... Rxa8 24. Bxd6 (24. c6 $16 Qe7 25. Be3) 24... Nxd6 $11 25. Rxd6 Be5 26. Rdd1 ({White should try} 26. Rd2 $14) 26... Qc7 27. g3 Rxd1 $1 28. Rxd1 Rd8 (28... Bc3 $11) 29. Qc2 Rxd1 30. Qxd1 a5 31. f4 ({Of course not} 31. Bxb5 $6 axb4 32. Qc1 Bc3 $11) 31... Bc3 32. Qd6 Qxd6 33. cxd6 Bxb4 $14 {[%mdl 4096] Endgame KB-KB} 34. d7 Bc5+ 35. Kg2 Bb6 36. Bxb5 Kf8 37. g4 h6 38. g5 hxg5 39. fxg5 Ke7 40. Kf3 Kd8 41. h4 Bd4 42. Kf4 Ke7 43. Bc6 Bc3 44. a4 Bd4 45. Kg4 Be3 46. Bb5 Bd2 47. h5 gxh5+ 48. Kxh5 Be3 49. g6 fxg6+ 50. Kxg6 e5 51. Kf5 Bd4 52. Kg4 Kd8 53. Kf3 Bc3 54. Ke2 Bb4 55. Kd3 Be1 56. Kc4 Bd2 ({Better is} 56... Kc7 $1 $14) 57. Kd5 $16 {White is better.} Bc3 58. Kd6 Bb2 59. Bc4 {Accuracy: White = 86%, Black = 88%.} 1/2-1/2

[Event "2nd Cairns Cup 2020"]
[Site "Saint Louis"]
[Date "2020.02.13"]
[Round "6.5"]
[White "Yip, Carissa"]
[Black "Gunina, Valentina"]
[Result "1-0"]
[WhiteElo "2412"]
[BlackElo "2461"]
[Annotator "TA"]
[PlyCount "107"]
[EventDate "2020.02.07"]
[EventCountry "USA"]
[SourceTitle "playchess.com"]
[Source "ChessBase"]
[SourceQuality "1"]

{[%evp 10,107,47,33,36,33,40,17,19,14,10,0,6,0,2,-5,60,52,53,36,49,0,0,0,27,-23,-23,-11,-16,-94,-102,-127,-89,-81,-58,-139,0,0,0,0,0,0,0,0,175,167,167,167,167,168,156,166,164,158,158,143,114,46,616,616,969,17,23,24,462,102,102,102,103,103,101,102,649,633,29980,412,29966,11661,29978,29979,29979,29980,29976,1458,5613,5139,1927,1581,29986,29987,29986,29987,29990,29991,29995,29990,29997,29950,29998,29999]} 1. e4 Nf6 2. e5 Nd5 3. d4 d6 4. Nf3 dxe5 5. Nxe5 c6 6. Be2 Bf5 {B04: Alekhine's Defence: 4 Nf3.} 7. O-O Nd7 8. c4 Nb4 {The position is equal.} 9. Nd3 e5 {[#]} 10. Re1 $146 ({Predecessor:} 10. d5 Bxd3 11. Bxd3 cxd5 12. cxd5 Nxd3 13. Qxd3 Bd6 14. Be3 O-O 15. Nc3 f5 16. Nb5 {½-½ (46) Audie,A (2280)-Squires,M (2287) ICCF email 2017}) 10... Be7 11. Nxb4 Bxb4 12. Bd2 Qa5 (12... a5 $11) 13. Nc3 $14 exd4 14. a3 Bxc3 15. Bg4+ Be6 16. Bxe6 O-O-O 17. bxc3 dxc3 18. Bxc3 Qxc3 19. Rc1 (19. Bxf7 $11 {remains equal.} Nc5 20. Qg4+ Kb8 21. Rad1) 19... Qxa3 $17 20. Bh3 {aiming for Qd4.} g6 21. Ra1 Qc5 22. Qb3 $1 {Black must now prevent Reb1.} f5 (22... Kb8 $1 $17 23. Qg3+ Ka8) 23. Reb1 $11 {[%csl Gb1][%cal Rb3b7]} Nb6 $1 {Hoping for ...Rd2.} 24. Rxa7 $40 {[%mdl 128] White is up to no good.} Rd7 25. g3 Kb8 26. Ra2 Qxc4 $2 (26... Nc8 $1 $11 {and Black stays safe.}) 27. Qa3 $18 {Strongly threatening Qa7+.} Rhd8 28. Qa7+ Kc8 29. Raa1 (29. Rxb6 {gets mated.} Rd1+ 30. Kg2 Qd5+ 31. f3 Qd2+ $1 {[%mdl 512]} 32. Rxd2 R8xd2#) 29... Nd5 30. Qa8+ Kc7 31. Rxb7+ Kd6 32. Rxd7+ $1 Rxd7 33. Qb8+ ({White should play} 33. Bg2 $1 $16 {[%cal Rg2d5] Bxd5 is the strong threat.} Ke7 34. Qg8) 33... Ke7 $2 {[%mdl 8192]} (33... Rc7 $14) 34. Re1+ Kf6 {[#]} 35. Qe8 $2 ({White must play} 35. Bxf5 $1 $18 {[%mdl 512]} Kxf5 36. Qe5+ Kg4 37. Re4+ Qxe4 38. Qxe4+ Kg5 39. Qh4+ Kf5 40. Qh3+ Kf6 41. Qxd7) 35... Re7 36. Qh8+ Rg7 $4 {[%mdl 8192]} (36... Kf7 $1 $11 37. Qxh7+ Kf6 38. Rxe7 Nxe7) 37. Bxf5 $2 (37. Qd8+ $18 {is the precise move to win.} Re7 38. Bg2) 37... Qc3 $16 38. Qf8+ Kg5 39. h4+ Kh6 40. Re6 {Threatens to win with Be4.} Qa1+ $2 {[%mdl 8192]} (40... Qb4 $16 41. Rd6 Qe1+ 42. Kg2 Qe7 43. Qxe7 Rxe7) 41. Kg2 $18 {And now Bxg6! would win.} Qa7 {Now ...Qf7 and Black clings on.} 42. Be4 (42. g4 $142 Qf7 {[#]} 43. Kg3 $3 {[%mdl 512]} Qc7+ 44. Rd6 $1 {[%mdl 512]} Qxd6+ 45. Qxd6 Rf7 46. Be6 $1 {[%mdl 512]} Kg7 47. Qe5+ Kf8 48. Qh8+ Ke7 49. Bxf7) 42... Qd7 (42... Qf7 $18 43. Qd8 Nf4+ 44. gxf4 Qxf4) 43. Qf5 $1 {[%csl Gh4][%cal Rf5g5]} Qd8 44. Rxc6 Ne3+ 45. fxe3 Qd2+ 46. Qf2 (46. Kf3 $142 Qd1+ 47. Kf4 Qf1+ 48. Bf3 Qc4+ 49. Rxc4 gxf5 50. Rc6+ Rg6 51. Kxf5) 46... Rd7 47. Qxd2 Rxd2+ {[%mdl 4096] Endgame KRB-KR} 48. Kf3 {White wants to mate with Rc7.} Rd1 49. Rc7 {White mates.} Rf1+ 50. Ke2 Rf8 51. g4 Rh8 52. Rf7 Rg8 53. g5+ Kh5 54. Rf4 {Accuracy: White = 67%, Black = 50%.} 1-0